<?xml version="1.0" encoding="UTF-8"?>
<collection xmlns="http://www.loc.gov/MARC21/slim">
    <record>
        <controlfield tag="001">4841</controlfield>
        <controlfield tag="005">20190219123703.0</controlfield>
        <datafield tag="020" ind1=" " ind2=" ">
            <subfield code="a">978-84-693-5785-9</subfield>
        </datafield>
        <datafield tag="037" ind1=" " ind2=" ">
            <subfield code="a">TESIS-2010-049</subfield>
        </datafield>
        <datafield tag="041" ind1=" " ind2=" ">
            <subfield code="a">spa</subfield>
        </datafield>
        <datafield tag="100" ind1="1" ind2=" ">
            <subfield code="a">Tobajas Morlana, María Pilar</subfield>
        </datafield>
        <datafield tag="245" ind1="0" ind2="0">
            <subfield code="a">Nuevo electrodo híbrido en el tratamiento de las neoplasias hepáticas mediante ablación por radiofrecuencia</subfield>
            <subfield code="b"> Experiencia in vivo en hígado porcino</subfield>
        </datafield>
        <datafield tag="260" ind1=" " ind2=" ">
            <subfield code="a">Zaragoza</subfield>
            <subfield code="b">Universidad de Zaragoza</subfield>
            <subfield code="c">2010</subfield>
        </datafield>
        <datafield tag="300" ind1=" " ind2=" ">
            <subfield code="a">284</subfield>
        </datafield>
        <datafield tag="500" ind1=" " ind2=" ">
            <subfield code="a">Presentado:  11 06 2010</subfield>
        </datafield>
        <datafield tag="502" ind1=" " ind2=" ">
            <subfield code="a">Tesis-Univ. Zaragoza</subfield>
            <subfield code="b">Zaragoza, Universidad de Zaragoza</subfield>
            <subfield code="c">2010</subfield>
        </datafield>
        <datafield tag="506" ind1=" " ind2=" ">
            <subfield code="a">by-nc-nd</subfield>
            <subfield code="b">Creative Commons</subfield>
            <subfield code="c">3.0</subfield>
            <subfield code="u">https://creativecommons.org/licenses/by-nc-nd/3.0/</subfield>
        </datafield>
        <datafield tag="520" ind1=" " ind2=" ">
            <subfield code="a">OBJETIVOS: Contribuir al estudio de la eficacia y eficiencia del nuevo electrodo híbrido en hígado de cerdo in vivo en términos de lesión de coagulación y predictibilidad. Estudiar el comportamiento en hígado de cerdo in vivo del método de aplicación de RF, para evaluar si el nuevo electrodo híbrido para RF con perfusión de suero salino integrado en una sola aguja, es capaz de generar áreas de necrosis homogéneas, predecibles y reproducibles. Comparar el valor de diferentes técnicas para la valoración de la lesión de necrosis por coagulación. HIPÓTESIS: El método de RF basado en el electrodo descrito genera lesiones más voluminosas (con una diferencia clínica relevante de 0,5 cm en el diámetro menor de la necrosis de coagulación obtenida) que el electrodo Cool-tip simple sin que ello suponga menoscabo en la predictibilidad (similar esfericidad y del cociente isoperimétrico) en condiciones similares al gold Standard clínico (corriente pulsada y mismo tiempo) en el animal de experimentación in vivo. MATERIAL Y MÉTODOS: El estudio se propone analizar los efectos del nuevo diseño de electrodo híbrido que ha sido patentado por nuestro grupo y un electrodo cool-tip simple ya comercializado y de amplio uso en la práctica clínica, para la ablación por radiofrecuencia. Consideramos dos grupos de estudio, en todos los gupos se realizó la aplicación de RF al hígado porcino in vivo. Grupo 1: electrodo híbrido Grupo 2: electrodo cool-tip simple La aplicación de RF se llevó a cabo en el hígado de 13 cerdos hembra adultos. Se realizaron un total de 52 ablaciones. CONCLUSIONES: El nuevo electrodo híbrido, diseñado como un electrodo cool-tip asociado a infusión de suero salino a una distancia de perfusión de 2 mm genera, en un modelo in vivo en hígado porcino, lesiones hipertérmicas de necrosis por coagulación más voluminosas (con un incremento del 100%) que las generadas por el electrodo cool-tip simple, con al menos la misma previsibilidad. La resonancia magnética es una técnica de imagen que posee gran valor para la medición de las lesiones hipertérmicas, presentando un coeficiente de determinación superior al 70% (comparativamante con la medición macroscópica).</subfield>
        </datafield>
        <datafield tag="653" ind1="1" ind2=" ">
            <subfield code="a">electrodo cool-tip</subfield>
        </datafield>
        <datafield tag="653" ind1="1" ind2=" ">
            <subfield code="a">ablacion hepática</subfield>
        </datafield>
        <datafield tag="653" ind1="1" ind2=" ">
            <subfield code="a">aplicador híbrido</subfield>
        </datafield>
        <datafield tag="653" ind1="1" ind2=" ">
            <subfield code="a">ablación radiofrecuencia</subfield>
        </datafield>
        <datafield tag="653" ind1="1" ind2=" ">
            <subfield code="a">cool-tip electrode</subfield>
        </datafield>
        <datafield tag="653" ind1="1" ind2=" ">
            <subfield code="a">hepatic ablation</subfield>
        </datafield>
        <datafield tag="653" ind1="1" ind2=" ">
            <subfield code="a">hybrid applicator</subfield>
        </datafield>
        <datafield tag="653" ind1="1" ind2=" ">
            <subfield code="a">radiofrecuency ablation</subfield>
        </datafield>
        <datafield tag="700" ind1=" " ind2=" ">
            <subfield code="a">Burdío Pinilla, Fernado</subfield>
            <subfield code="e">dir.</subfield>
        </datafield>
        <datafield tag="710" ind1="2" ind2=" ">
            <subfield code="a">Universidad de Zaragoza</subfield>
            <subfield code="b">Pediatría, Radiología y Medicina Física</subfield>
        </datafield>
        <datafield tag="856" ind1="0" ind2=" ">
            <subfield code="f">zaguan@unizar.es</subfield>
        </datafield>
        <datafield tag="856" ind1="4" ind2=" ">
            <subfield code="s">7735242</subfield>
            <subfield code="u">http://zaguan.unizar.es/record/4841/files/TESIS-2010-049.pdf</subfield>
            <subfield code="z">Texto completo (spa)</subfield>
        </datafield>
        <datafield tag="909" ind1="C" ind2="O">
            <subfield code="o">oai:zaguan.unizar.es:4841</subfield>
        </datafield>
        <datafield tag="909" ind1="c" ind2="o">
            <subfield code="p">tesis</subfield>
        </datafield>
        <datafield tag="909" ind1="C" ind2="O">
            <subfield code="p">driver</subfield>
        </datafield>
        <datafield tag="910" ind1="2" ind2=" ">
            <subfield code="a">Radiología y medicina física</subfield>
            <subfield code="b">Pediatría, Radiología y Medicina Física</subfield>
        </datafield>
        <datafield tag="980" ind1=" " ind2=" ">
            <subfield code="a">TESIS</subfield>
        </datafield>
    </record>

    
</collection>